| 000 | 00700nam a2200229Ii 4500 | ||
|---|---|---|---|
| 008 | |||
| 020 | _a0870020722 (hbk.) | ||
| 050 | 0 |
_aNA2700 _fWYA |
|
| 100 | 1 | _aWyatt, William E. | |
| 245 | 1 | 0 |
_aGeneral architectural drafting / _cWilliam E. Wyatt. |
| 260 |
_aPeoria, Ill. : _bC. A. Bennett Co., _cc1976. |
||
| 300 |
_a572 p. : _bill. (some col.) ; _c25 cm. |
||
| 500 | _aEdition for 1969 published under title: General architectural drawing. | ||
| 500 | _aIncludes index. | ||
| 650 | 0 | _aArchitectural drawing. | |
| 907 |
_a.b10217678 _b27-05-08 _c17-10-06 |
||
| 003 | |||
| 005 | 20230123134257.0 | ||
| 040 | _cNUST | ||
| 049 | _aMAIN | ||
| 942 | _cBOOKS | ||
| 999 |
_c163098 _d163098 |
||